Rural urban framework :transforming the Chinese countryside
Zapisane w:
| 1. autor: | |
|---|---|
| Format: | Książka |
| Język: | angielski |
| Wydane: |
Birkhauser
2014
|
| Etykiety: |
Dodaj etykietę
Nie ma etykietki, Dołącz pierwszą etykiete!
|
MARC
| LEADER | 00000nam a22000007a 4500 | ||
|---|---|---|---|
| 008 | 210830b ||||| |||| 00| 0 eng d | ||
| 020 | |a 9783038214496 | ||
| 100 | |a BOLCHOVER, Joshua |a Lin John | ||
| 245 | |a Rural urban framework |b :transforming the Chinese countryside |c Joshua Bolchover, John Lin |g 192p.:ill. | ||
| 260 | |b Birkhauser |c 2014 |h Basel, Switzerland |i 696172 |i 696173 |l HT443.C6B63 |m Rural renewal --- China |m Rural development--China |m China --- Rural conditions |m China | ||
| 942 | |a lcc |c BK |e Kuteyi, M. A. |f 30/8/2021 | ||
| 952 | |0 0 |1 0 |2 lcc |4 0 |6 HT0443 C6 B63 |7 0 |9 3316 |a HOL |b HOL |c GJ |d 2021-08-30 |l 0 |o HT443.C6B63 |p 2021-67027 |r 2021-08-30 00:00:00 |w 2021-08-30 |y BK | ||
| 952 | |0 0 |1 0 |2 lcc |4 0 |6 HT0443 C6 B63 |7 0 |9 3317 |a HOL |b EDM |c GJ |d 2021-08-30 |l 0 |o HT443.C6B63 |p 2021-67028 |r 2021-08-30 00:00:00 |w 2021-08-30 |y BK | ||
| 999 | |c 1655 |d 1655 | ||